000 00817cam a2200241 a 4500
001 2596950
005 20180208044247.0
008 970303s1997 nyua b 001 0 eng
010 _a 97012001
020 _a0306454602
040 _aDLC
_cDLC
_dDLC
041 _aeng
080 _a618.9768
082 0 0 _a618.9768 NUS
_221
100 _a7
101 _aNEU
245 0 0 _aHandbook of neuropsychology and aging /
_cedited by Paul David Nussbaum.
246 3 0 _aNeuropsychology and aging
504 _aIncludes bibliographical references and index.
906 _a7
_bcbc
_corignew
_d1
_eocip
_f19
_gy-gencatlg
942 _2ddc
_cBK
999 _c42111
_d42111